| 000 | 00532nam a2200193 4500 | ||
|---|---|---|---|
| 005 | 20170802121038.0 | ||
| 007 | 000 | ||
| 008 | 000 | ||
| 020 | _a9241530308 | ||
| 040 | _aUOEL | ||
| 050 | _aRA784 .B87 2001 | ||
| 245 |
_a1,3-Butadiene: Human Health Aspects _bConcise intrenational chemical Assesment Document |
||
| 260 |
_aUnep. _bWHO; _cc2001. |
||
| 300 |
_aiii, 73p. : _bill, ; |
||
| 440 | _aConcise international chemical assessment Document ; | ||
| 521 | _aincludes illustrations | ||
| 650 | _aToxicity . | ||
| 942 |
_2lcc _cSBK |
||
| 999 |
_c15419 _d15419 |
||